A history of drugs /

Bibliographic Details
Main Author: Mez-Mangold, Lydia
Format: Book
Language:English
German
Published: Carnforth, Lancs. U.K. : Totowa, N.J. : Parthenon Pub. ; Barnes & Noble, 1986.
Subjects:

MARC

Tag First Indicator Second Indicator Subfields
LEADER 00000cam a2200000 a 4500
001 in00000019041
005 20151007054138.0
008 860428s1986 enka b 00110 eng d
010 |a  86010919  
020 |a 0389206385 
035 |a (OCoLC)13582470 
035 |9 AAB4125AM 
040 |a DNLM/DLC  |c DLC  |d ESU  |d TXA  |d UtOrBLW 
041 1 |a eng  |a ger 
049 |a TXAM  |c [A11501676] 
050 0 0 |a RS61  |b .M49 1986 
060 0 |a QV 11.1 M617h 
082 0 |a 615/.1/09  |2 19 
100 1 |a Mez-Mangold, Lydia. 
245 1 2 |a A history of drugs /  |c Lydia Mez-Mangold ; [translated from the German by T.L. and J.A.L. Janson]. 
264 1 |a Carnforth, Lancs. U.K. :  |b Parthenon Pub. ;  |a Totowa, N.J. :  |b Barnes & Noble,  |c 1986. 
300 |a 175 pages :  |b illustrations ;  |c 24 cm. 
336 |a text  |b txt  |2 rdacontent 
337 |a unmediated  |b n  |2 rdamedia 
338 |a volume  |b nc  |2 rdacarrier 
504 |a Bibliography: page 171. 
500 |a Includes index. 
650 0 |a Drugs  |x History. 
999 |a MARS 
999 f f |s 3a9d3bfa-4d63-3bb0-a233-0a93ffe35b95  |i 865555b9-87fa-3166-9f3e-8f5e3f8c9111  |t 0 
952 f f |p ric  |a Texas A&M University  |b Rellis Campus  |c Joint Library Facility  |d Remote Storage  |t 0  |e RS61 .M49 1986  |h Library of Congress classification  |i unmediated -- volume  |m A14811501676 
998 f f |a RS61 .M49 1986  |t 0  |l Remote Storage